<?xml version="1.0" encoding="UTF-8"?>
<record
    xmlns:xsi="http://www.w3.org/2001/XMLSchema-instance"
    xsi:schemaLocation="http://www.loc.gov/MARC21/slim http://www.loc.gov/standards/marcxml/schema/MARC21slim.xsd"
    xmlns="http://www.loc.gov/MARC21/slim">

  <leader>01897nam a22002177a 4500</leader>
  <controlfield tag="003">IT-MiCISF</controlfield>
  <controlfield tag="005">20230508135045.0</controlfield>
  <controlfield tag="008">230508b        |||||||| |||| 00| 0 eng d</controlfield>
  <datafield tag="040" ind1=" " ind2=" ">
    <subfield code="c">IT-MiCISF</subfield>
  </datafield>
  <datafield tag="041" ind1=" " ind2=" ">
    <subfield code="a">it</subfield>
  </datafield>
  <datafield tag="100" ind1=" " ind2=" ">
    <subfield code="a">Dix Ellie</subfield>
    <subfield code="9">60031</subfield>
  </datafield>
  <datafield tag="245" ind1=" " ind2=" ">
    <subfield code="a">Giochiamo in famiglia.</subfield>
    <subfield code="b">Come (dis)togliere i nostri figli dallo schermo con i giochi da tavolo</subfield>
  </datafield>
  <datafield tag="250" ind1=" " ind2=" ">
    <subfield code="a">Edizione originale 2019</subfield>
  </datafield>
  <datafield tag="260" ind1=" " ind2=" ">
    <subfield code="a">Trento, </subfield>
    <subfield code="b">Erickson, </subfield>
    <subfield code="c">2021</subfield>
  </datafield>
  <datafield tag="300" ind1=" " ind2=" ">
    <subfield code="a">pp. 268</subfield>
  </datafield>
  <datafield tag="500" ind1=" " ind2=" ">
    <subfield code="a">famiglia, vita-familiare, tempo-libero, educazione-familiare, educazione-bambini, esperienze</subfield>
  </datafield>
  <datafield tag="520" ind1=" " ind2=" ">
    <subfield code="a">Come genitori abbiamo spesso la sensazione di essere in competizione con smartphone e tablet per conquistare l&#x2019;attenzione dei nostri figli, e altrettanto spesso desideriamo tornare a una relazione concreta in famiglia, liberi dalla tecnologia, ma non sappiamo da dove cominciare. Giochiamo in famiglia propone una soluzione capace di portare molti benefici: il gioco da tavolo. Giocare assieme ci aiuta a sviluppare abilit&#xE0; interpersonali (anche con i genitori e i fratelli), aumenta l&#x2019;autostima, migliora la memoria e le abilit&#xE0; cognitive, le capacit&#xE0; di problem solving vengono affinate cos&#xEC; come l&#x2019;attitudine a prendere decisioni e a risolvere conflitti. Tutto questo offline! Questa guida pratica, ricca di suggerimenti e proposte di personalizzazione delle attivit&#xE0;, &#xE8; indirizzata al miglioramento delle relazioni tra figli e genitori tramite giochi da tavolo classici e moderni; aiuta a scegliere il formato di gioco perfetto per le esigenze della famiglia, a scoprire come suscitare l&#x2019;interesse dei figli e a scoprire, o riscoprire, la passione per i giochi. Il volume &#xE8; completo di un&#x2019;appendice dove sono disponibili numerose schede di presentazione di giochi da tavolo facilmente reperibili anche in Italia.</subfield>
  </datafield>
  <datafield tag="650" ind1=" " ind2=" ">
    <subfield code="a">educazione</subfield>
    <subfield code="9">60032</subfield>
  </datafield>
  <datafield tag="654" ind1=" " ind2=" ">
    <subfield code="a">saggio</subfield>
  </datafield>
  <datafield tag="942" ind1=" " ind2=" ">
    <subfield code="2">ddc</subfield>
    <subfield code="c">BK</subfield>
  </datafield>
  <datafield tag="999" ind1=" " ind2=" ">
    <subfield code="c">359707</subfield>
    <subfield code="d">359707</subfield>
  </datafield>
  <datafield tag="952" ind1=" " ind2=" ">
    <subfield code="0">0</subfield>
    <subfield code="1">0</subfield>
    <subfield code="2">ddc</subfield>
    <subfield code="4">0</subfield>
    <subfield code="6">B_7729_000000000000000</subfield>
    <subfield code="7">1</subfield>
    <subfield code="a">CISF</subfield>
    <subfield code="b">CISF</subfield>
    <subfield code="d">2023-05-08</subfield>
    <subfield code="l">0</subfield>
    <subfield code="o">B7729</subfield>
    <subfield code="p">9788859026129</subfield>
    <subfield code="r">2023-05-08 00:00:00</subfield>
    <subfield code="w">2023-05-08</subfield>
    <subfield code="y">BK</subfield>
  </datafield>
</record>
